Possible Character Endings in Fire Emblem: Three Houses - Statistics

General Stats
  • This quiz has been taken 85 times
    80 since last reset
  • The average score is 236 of 345
Answer Stats
Answer % Correct
Claude (Unpaired)
88%
Edelgard (Unpaired)
88%
Byleth (Unpaired) (AM)
86%
Byleth (Unpaired) (CF)
86%
Byleth (Unpaired) (SS)
86%
Byleth (Unpaired) (VW)
86%
Edelgard + Byleth
86%
Edelgard + Hubert
86%
Hubert (Unpaired)
86%
Annette (Unpaired)
84%
Claude + Byleth
84%
Dimitri (Unpaired)
84%
Dorothea (Unpaired)
84%
Edelgard + Caspar
84%
Felix (Unpaired) (AM)
84%
Felix (Unpaired) (Other)
84%
Ashe (Unpaired)
82%
Dimitri + Byleth
82%
Edelgard + Dorothea
82%
Edelgard + Linhardt
82%
Hilda (Unpaired)
82%
Hubert + Byleth
82%
Ingrid (Unpaired) (AM)
82%
Ingrid (Unpaired) (Other)
82%
Lorenz (Unpaired) (CF)
82%
Lorenz (Unpaired) (Other)
82%
Marianne (Unpaired)
82%
Bernadetta (Unpaired)
80%
Caspar (Unpaired) (CF)
80%
Caspar (Unpaired) (Other)
80%
Edelgard + Ferdinand
80%
Ignatz (Unpaired)
80%
Linhardt (Unpaired)
80%
Lysithea (Unpaired)
80%
Mercedes (Unpaired) (CF)
80%
Mercedes (Unpaired) (Other)
80%
Seteth (Unpaired)
80%
Sylvain (Unpaired)
80%
Bernadetta + Byleth (AM)
78%
Bernadetta + Byleth (CF)
78%
Bernadetta + Byleth (VW/SS)
78%
Caspar + Byleth (AM)
78%
Caspar + Byleth (CF)
78%
Caspar + Byleth (VW/SS)
78%
Cyril (Unpaired)
78%
Dedue (Unpaired)
78%
Dorothea + Byleth (AM)
78%
Dorothea + Byleth (CF)
78%
Dorothea + Byleth (VW/SS)
78%
Edelgard + Bernadetta
78%
Ferdinand + Dorothea (CF)
78%
Ferdinand + Dorothea (Other)
78%
Ferdinand (Unpaired) (CF)
78%
Ferdinand (Unpaired) (Other)
78%
Flayn (Unpaired) (Seteth Dies)
78%
Flayn (Unpaired) (Seteth Lives)
78%
Hanneman (Unpaired)
78%
Hilda + Byleth (AM)
78%
Hilda + Byleth (VW/SS)
78%
Leonie (Unpaired)
78%
Linhardt + Byleth (AM)
78%
Linhardt + Byleth (CF)
78%
Linhardt + Byleth (VW/SS)
78%
Lorenz + Byleth (AM)
78%
Lorenz + Byleth (CF)
78%
Lorenz + Byleth (VW/SS)
78%
Marianne + Byleth (AM)
78%
Marianne + Byleth (CF)
78%
Marianne + Byleth (VW/SS)
78%
Petra (Unpaired)
78%
Raphael (Unpaired)
78%
Seteth + Byleth (AM)
78%
Seteth + Byleth (VW/SS)
78%
Alois (Unpaired) (CF)
76%
Alois (Unpaired) (Other)
76%
Annette + Byleth (AM)
76%
Annette + Byleth (CF)
76%
Annette + Byleth (VW/SS)
76%
Balthus (Unpaired) (CF)
76%
Balthus (Unpaired) (Other)
76%
Byleth + Rhea
76%
Catherine (Unpaired) (AM/SS)
76%
Catherine (Unpaired) (VW/SS)
76%
Constance (Unpaired) (CF)
76%
Constance (Unpaired) (Other)
76%
Cyril + Byleth (AM)
76%
Cyril + Byleth (VW/SS)
76%
Felix + Annette (AM)
76%
Felix + Annette (Other)
76%
Felix + Byleth (AM)
76%
Felix + Byleth (CF)
76%
Felix + Byleth (VW/SS)
76%
Ferdinand + Byleth (AM)
76%
Ferdinand + Byleth (CF)
76%
Ferdinand + Byleth (VW/SS)
76%
Flayn + Byleth (AM)
76%
Flayn + Byleth (VW/SS)
76%
Hapi (Unpaired) (CF)
76%
Hapi (Unpaired) (Other)
76%
Hubert + Dorothea
76%
Ignatz + Byleth (AM)
76%
Ignatz + Byleth (CF)
76%
Ignatz + Byleth (VW/SS)
76%
Lysithea + Byleth (AM)
76%
Lysithea + Byleth (CF)
76%
Lysithea + Byleth (VW/SS)
76%
Manuela (Unpaired)
76%
Mercedes + Byleth (AM)
76%
Mercedes + Byleth (CF)
76%
Mercedes + Byleth (VW/SS)
76%
Shamir + Byleth (AM)
76%
Shamir + Byleth (CF)
76%
Shamir + Byleth (VW/SS)
76%
Shamir (Unpaired)
76%
Sylvain + Byleth (AM)
76%
Sylvain + Byleth (CF)
76%
Sylvain + Byleth (VW/SS)
76%
Yuri (Unpaired)
76%
Alois + Byleth (AM)
73%
Alois + Byleth (CF)
73%
Alois + Byleth (VW/SS)
73%
Ashe + Byleth (AM)
73%
Ashe + Byleth (CF)
73%
Ashe + Byleth (VW/SS)
73%
Byleth + Sothis (AM)
73%
Byleth + Sothis (CF)
73%
Byleth + Sothis (SS)
73%
Byleth + Sothis (VW)
73%
Claude + Hilda
73%
Dedue + Byleth
73%
Jeritza (Unpaired)
73%
Leonie + Byleth (AM)
73%
Leonie + Byleth (CF)
73%
Leonie + Byleth (VW/SS)
73%
Petra + Byleth (AM)
73%
Petra + Byleth (CF)
73%
Petra + Byleth (VW/SS)
73%
Raphael + Byleth (AM)
73%
Raphael + Byleth (CF)
73%
Raphael + Byleth (VW/SS)
73%
Ashe + Annette
71%
Catherine + Byleth (AM)
71%
Catherine + Byleth (VW/SS)
71%
Constance + Byleth (AM)
71%
Constance + Byleth (CF)
71%
Constance + Byleth (VW/SS)
71%
Dedue + Ingrid
71%
Dimitri + Annette
71%
Dimitri + Dedue
71%
Gilbert + Byleth
71%
Gilbert (Unpaired)
71%
Hanneman + Byleth (AM)
71%
Hanneman + Byleth (CF)
71%
Hanneman + Byleth (VW/SS)
71%
Hapi + Byleth (AM)
71%
Hapi + Byleth (CF)
71%
Hapi + Byleth (VW/SS)
71%
Hubert + Bernadetta
71%
Ingrid + Byleth (AM)
71%
Ingrid + Byleth (CF)
71%
Ingrid + Byleth (VW/SS)
71%
Jeritza + Byleth
71%
Manuela + Byleth (AM)
71%
Manuela + Byleth (CF)
71%
Manuela + Byleth (VW/SS)
71%
Yuri + Byleth (CF)
71%
Yuri + (Female) Byleth (AM)
71%
Yuri + (Female) Byleth (VW/SS)
71%
Yuri + (Male) Byleth (AM)
71%
Yuri + (Male) Byleth (VW/SS)
71%
Balthus + Byleth (AM)
69%
Balthus + Byleth (CF)
69%
Balthus + Byleth (VW/SS)
69%
Caspar + Dorothea (CF)
69%
Caspar + Dorothea (Other)
69%
Claude + Lysithea
69%
Claude + Marianne
69%
Dimitri + Ingrid
69%
Dimitri + Marianne
69%
Dimitri + Mercedes
69%
Felix + Mercedes (AM)
69%
Felix + Mercedes (Other)
69%
Felix + Sylvain (AM)
69%
Felix + Sylvain (Other)
69%
Hanneman + Manuela (CF)
69%
Hanneman + Manuela (Other)
69%
Hubert + Ferdinand
69%
Hubert + Petra
69%
Linhardt + Bernadetta (CF)
69%
Linhardt + Bernadetta (Other)
69%
Linhardt + Dorothea
69%
Mercedes + Annette
69%
Yuri + Constance
69%
Yuri + Hapi
69%
Ashe + Ingrid (AM)
67%
Ashe + Ingrid (Other)
67%
Balthus + Constance (CF)
67%
Balthus + Constance (Other)
67%
Constance + Hapi
67%
Dedue + Annette
67%
Dimitri + Felix
67%
Dorothea + Sylvain
67%
Edelgard + Lysithea
67%
Felix + Ingrid (AM)
67%
Felix + Ingrid (Other)
67%
Ferdinand + Bernadetta (CF)
67%
Ferdinand + Bernadetta (Other)
67%
Linhardt + Caspar
67%
Linhardt + Lysithea
67%
Linhardt + Petra
67%
Mercedes + Jeritza
67%
Seteth + Flayn
67%
Yuri + Balthus
67%
Annette + Gilbert
65%
Ashe + Mercedes
65%
Balthus + Hapi
65%
Caspar + Bernadetta
65%
Claude + Leonie
65%
Dedue + Ashe
65%
Dedue + Mercedes
65%
Dimitri + Flayn
65%
Edelgard + Hanneman
65%
Edelgard + Manuela
65%
Felix + Lysithea (AM)
65%
Felix + Lysithea (Other)
65%
Ferdinand + Petra (CF)
65%
Ferdinand + Petra (Other)
65%
Hilda + Balthus
65%
Lorenz + Hilda
65%
Lorenz + Leonie
65%
Lorenz + Lysithea
65%
Lorenz + Marianne
65%
Sylvain + Mercedes
65%
Caspar + Hilda
63%
Catherine + Shamir
63%
Claude + Lorenz
63%
Dedue + Flayn
63%
Dorothea + Hanneman
63%
Edelgard + Constance
63%
Ignatz + Leonie
63%
Ignatz + Marianne
63%
Raphael + Hilda
63%
Raphael + Ignatz
63%
Raphael + Lysithea
63%
Shamir + Cyril
63%
Sylvain + Ingrid
63%
Bernadetta + Seteth
61%
Caspar + Catherine (AM/SS)
61%
Caspar + Catherine (VW/SS)
61%
Caspar + Petra
61%
Dorothea + Felix (AM)
61%
Dorothea + Felix (Other)
61%
Dorothea + Petra
61%
Felix + Flayn (AM)
61%
Felix + Flayn (VW/SS)
61%
Felix + Leonie (AM)
61%
Felix + Leonie (Other)
61%
Ferdinand + Marianne (CF)
61%
Ferdinand + Marianne (Other)
61%
Ignatz + Hilda
61%
Ignatz + Lysithea
61%
Linhardt + Flayn
61%
Marianne + Hilda
61%
Raphael + Leonie
61%
Raphael + Marianne
61%
Bernadetta + Felix (AM)
59%
Bernadetta + Felix (Other)
59%
Bernadetta + Yuri
59%
Claude + Shamir
59%
Dimitri + Catherine
59%
Dimitri + Gilbert
59%
Dimitri + Hapi
59%
Dorothea + Lorenz
59%
Dorothea + Manuela
59%
Ferdinand + Flayn
59%
Ingrid + Claude
59%
Ingrid + Seteth
59%
Linhardt + Marianne
59%
Lysithea + Cyril
59%
Petra + Ashe
59%
Raphael + Flayn
59%
Alois + Catherine
57%
Annette + Claude
57%
Caspar + Annette (CF)
57%
Caspar + Annette (Other)
57%
Claude + Balthus
57%
Dedue + Shamir
57%
Ferdinand + Manuela (CF)
57%
Ferdinand + Manuela (Other)
57%
Ferdinand + Mercedes (CF)
57%
Ferdinand + Mercedes (Other)
57%
Ingrid + Ignatz (AM)
57%
Ingrid + Ignatz (Other)
57%
Ingrid + Raphael (AM)
57%
Ingrid + Raphael (Other)
57%
Lorenz + Manuela
57%
Petra + Claude
57%
Petra + Ignatz
57%
Seteth + Manuela
57%
Ashe + Catherine (AM/SS)
55%
Ashe + Catherine (VW/SS)
55%
Ashe + Hapi
55%
Ashe + Marianne
55%
Caspar + Ashe
55%
Ferdinand + Constance (CF)
55%
Ferdinand + Constance (Other)
55%
Ignatz + Flayn
55%
Jeritza + Constance
55%
Leonie + Seteth
55%
Linhardt + Hapi
55%
Lorenz + Catherine (AM/SS)
55%
Lorenz + Catherine (VW/SS)
55%
Lysithea + Hanneman
55%
Mercedes + Ignatz (CF)
55%
Mercedes + Ignatz (Other)
55%
Mercedes + Lorenz
55%
Raphael + Shamir
55%
Bernadetta + Jeritza
53%
Bernadetta + Raphael
53%
Claude + Flayn
53%
Hilda + Cyril
53%
Hilda + Seteth
53%
Hubert + Shamir
53%
Ignatz + Shamir
53%
Leonie + Alois (CF)
53%
Leonie + Alois (Other)
53%
Lysithea + Balthus
53%
Seteth + Catherine (AM/SS)
53%
Seteth + Catherine (VW/SS)
53%
Ferdinand + Hilda
51%
Ingrid + Yuri (AM)
51%
Ingrid + Yuri (Other)
51%
Linhardt + Annette
51%
Mercedes + Constance
51%
Ashe + Cyril
49%
Caspar + Shamir
49%
Leonie + Shamir
49%
Linhardt + Catherine (AM/SS)
49%
Linhardt + Catherine (VW/SS)
49%
Marianne + Hanneman
49%
Dorothea + Yuri
47%
Annette + Hanneman
45%
Petra + Cyril
43%
Mercedes + Alois
41%
Anna (Unpaired)
31%
No matching quizzes found
Score Distribution
Percent of People with Each Score
Percentile by Number Answered
Your Score History
You have not taken this quiz since the last reset